MOBILE AND SOCIAL MEDIA JOURNALISM (Record no. 32152)
[ view plain ]
| 000 -LEADER | |
|---|---|
| fixed length control field | 00344nam a22001577a 4500 |
| 003 - CONTROL NUMBER IDENTIFIER | |
| control field | SGT |
| 020 ## - INTERNATIONAL STANDARD BOOK NUMBER | |
| International Standard Book Number | 9780367460969 |
| 082 ## - DEWEY DECIMAL CLASSIFICATION NUMBER | |
| Classification number | 384.33 |
| Item number | ADO |
| 100 ## - MAIN ENTRY--PERSONAL NAME | |
| Personal name | ADORNATO ANTHONY |
| 245 ## - TITLE STATEMENT | |
| Title | MOBILE AND SOCIAL MEDIA JOURNALISM |
| 250 ## - EDITION STATEMENT | |
| Edition statement | 2ND |
| 260 ## - PUBLICATION, DISTRIBUTION, ETC. (IMPRINT) | |
| Place of publication, distribution, etc | LONDON |
| Year of Publication | 2022 |
| Name of publisher, distributor, etc | ROUTLEDGE PUB |
| 300 ## - PAGE DESCRIPTION | |
| No. of Pages | 365 |
| 650 ## - SUBJECT ADDED ENTRY--TOPICAL TERM | |
| Topical term or geographic name as entry element | BJMC |
| 942 ## - ADDED ENTRY ELEMENTS (KOHA) | |
| Source of classification or shelving scheme | Dewey Decimal Classification |
| Koha item type | Books |
| Withdrawn status | Lost status | Source of classification or shelving scheme | Damaged status | Not for loan | Home library | Current library | Shelving location | Date acquired | Vendor Name | SGTU | Bill Number | Full call number | Accession No. (Barcode) | Date last seen | Bill Date | Koha item type |
|---|---|---|---|---|---|---|---|---|---|---|---|---|---|---|---|---|
| Dewey Decimal Classification | Not For Loan | SGT Science & Social Sciences Library | SGT Science & Social Sciences Library | Reference Book | 21/07/2025 | BRIJWASHI DELHI | SGTU | BW/000214 | 384.33 ADO | MC1282 | 21/07/2025 | Books |